Центральный государственный архив Октябрьской революции, высших органов государственной власти и органов государственного управления СССР: Справочник; Том 2: (советский период)

Bibliographic Details
Corporate Author: Центральный государственный архив Октябрьской революции, высших органов государственной власти и органов государственного управления СССР
Summary:Исключено из фонда НТБ ТПУ
Language:Russian
Published: Москва, ЦГАОР ССР, 1990
Format: Book
KOHA link:https://koha.lib.tpu.ru/cgi-bin/koha/opac-detail.pl?biblionumber=188592

MARC

LEADER 00000nam0a2200000 4500
001 188592
005 20231031175028.0
010 |b 1000 экз. 
035 |a (RuTPU)RU\TPU\book\204841 
035 |a RU\TPU\book\204840 
090 |a 188592 
100 |a 20101210d1990 k y0rusy50 ca 
101 0 |a rus 
102 |a RU 
105 |a y g 001zy 
200 1 |a Центральный государственный архив Октябрьской революции, высших органов государственной власти и органов государственного управления СССР  |e Справочник  |h Том 2: (советский период)  |f Центральный государственный архив Октябрьской революции, высших органов государственной власти и органов государственного управления СССР 
210 |a Москва  |c ЦГАОР ССР  |d 1990 
215 |a 324 с. 
320 |a Имен. указ.: с. 299-319. 
333 |a Исключено из фонда НТБ ТПУ 
712 0 2 |a Центральный государственный архив Октябрьской революции, высших органов государственной власти и органов государственного управления СССР 
801 1 |a RU  |b 63413507  |c 20101210 
801 2 |a RU  |b 63413507  |c 20170120  |g RCR 
942 |c BK